00813nam a2200217Ia 4500003000900000008004100009040001600050080001900066245012000085260003600205300001400241650004100255650003200296650003500328700002800363700003000391700002300421942000700444999001700451952012700468IN-BaIIA211028s9999 xx 000 0 eng d cIIA Library a(05)52bANN-39 0aAnnual review of astronomy and astrophysicsbvol. 39cedited by Geoffrey Burbidge, Allan Sandage and Frank H. Shu  aPalo AltobAnnual Reviewsc2001 aix, 668p. aAstronomy and astrophysics thesaurus aAstronomy-Periodicals94087 aAstrophysics-Periodicals94088 aBurbidge, Geoffrey, ed. aSandage, Allan, ed.99048 aShu, Frank H., ed. cBK c14379d14379 00104070aBANbBANcGENd2001-12-10g8213.00l0o(05)52/ ANN-39p15299r2021-11-05v8213.00w2001-12-10yBKGRs. 8213.00